[Event "Norway Chess 2024"]
[Site "Stavanger, Norway"]
[Date "2024.06.04"]
[Round "15.1"]
[White "Carlsen, Magnus"]
[Black "Praggnanandhaa R"]
[Result "1/2-1/2"]
[WhiteElo "2830"]
[BlackElo "2747"]
[Annotator "Stockfish 16.1 - Chessbase"]
[PlyCount "150"]
[EventDate "2024.??.??"]

1. e4 {[%eval 15,0]} e5 {[%eval 17,0]} 2. Nf3 {[%eval 11,0]} Nc6 {[%eval 19,0]} 3. Bb5 {[%eval 16,0]} a6 {[%eval 38,0]} 4. Ba4 {[%eval 14,0]} Nf6 {[%eval 25,0]} 5. O-O {[%eval 23,0]} Nxe4 {[%eval 27,0]} 6. d4 {[%eval 31,0]} b5 {[%eval 19,0]} 7. Bb3 {[%eval 33,0]} d5 {[%eval 25,0]} 8. dxe5 {[%eval 44,0]} Be6 {[%eval 28,0]} 9. Qe2 {[%eval 16,0]} Be7 {[%eval 18,0]} 10. Rd1 {[%eval 7,0]} O-O {[%eval 7,0]} 11. c3 {[%eval 11,0]} f5 $146 {[%eval 13,0]} ({RR} 11... Qd7 12. Nbd2 Nc5 13. Bc2 f6 14. exf6 Bxf6 15. Nf1 Rae8 16. Ne3 Bf7 17. Qf1 Ne5 18. Nxe5 Bxe5 19. h3 c6 20. Ng4 Bc7 21. Be3 Qd6 22. b4 Nd7 23. g3 Nf6 24. Bf4 Qd7 25. Nxf6+ gxf6 26. Bxc7 {½-½ Garifullina,L (2423)-Lei,T (2550) World Blitz Women 2023 Samarkand UZB (1.1)}) ({RR} 11... Qd7 12. Bc2 f5 13. Nbd2 Qe8 ({RR} 13... Rad8 14. Nb3 Bf7 15. Nbd4 Bh5 16. Nxc6 Qxc6 17. Nd4 Bxe2 18. Nxc6 Bxd1 19. Nxe7+ Kf7 20. Bxd1 Kxe7 21. f3 Nc5 22. Bg5+ Ke6 23. Bxd8 Rxd8 24. b4 Nd3 25. a4 Nxe5 26. axb5 axb5 27. Bc2 Rd6 28. f4) 14. Nf1 Qf7 15. Nd4 Nxd4 16. cxd4 Qe8 17. a4 c6 18. f3 Ng5 19. Qf2 Bd7 20. Bxg5 Bxg5 21. f4 Be7 22. Nd2 Be6 23. Bd3 Qb8 24. a5 Qe8 25. Rdc1 h6 26. Nb3 {0-1 Wang,C (2288)-Tarhan,A (2457) Dubai Police Global Chess Challenge 202 Dubai Police Officers Club, A 2024 (1.57)}) ({RR} 11... Nc5 12. Bc2 Qc8 13. Nbd2 Bf5 14. Nb3 Bxc2 15. Qxc2 Qe6 16. Nfd4 Nxd4 17. cxd4 Nxb3 18. axb3 Rac8 19. Be3 h6 20. f4 Bb4 21. f5 Qb6 22. f6 g5 23. Qf5 Qe6 24. Qxe6 fxe6 25. Rxa6 Kf7 26. Rc1) ({RR} 11... Re8 12. Bc2 f5 13. exf6 Bxf6 14. Bxe4 Bf7 15. Bxh7+ Kxh7 16. Be3 Bg6 17. Nbd2 d4 18. cxd4 Nxd4 19. Qf1 Nc2 20. Ne4 Qe7 21. Nxf6+ Qxf6 22. Bd4 Nxd4 23. Rxd4 c5 24. Rh4+ Kg8 25. Qc1 Rad8 26. a4 {½-½ Li Chao2 (2651)-Xu,Y (2515) CHN Team Men 2024 Qingdao CHN (9.1)}) 12. exf6 {[%eval 9,0]} Bxf6 {[%eval 15,0]} 13. Nbd2 {[%eval 11,0]} Nc5 {[%eval 16,0]} 14. Bc2 {[%eval 14,0]} Re8 {[%eval 12,0]} 15. Nf1 $146 {[%eval 0,0]} ({RR} 15. Nb3 Bf7 16. Be3 Na4 17. Qd3 Bg6 18. Qd2 Bf7 19. Nbd4 Nxd4 20. cxd4 Nb6 21. b3 Qd7 22. Ne5 Bxe5 23. dxe5 Rxe5 24. Bd4 Rh5 25. f3 Bg6 26. Rac1 Re8 27. g4 Rh6 28. Re1 Bxc2 29. Rxe8+ Qxe8 {Carlsen,M (2831)-Sevian,S (2696) New York USA 2024 1-0 (76)}) 15... Bf7 {[%eval 16,0]} 16. Be3 {[%eval 15,0]} Ne4 {[%eval 18,0]} 17. Ng3 {[%eval 22,0]} Nxg3 {[%eval 25,0]} 18. hxg3 {[%eval 29,0]} Ne5 {[%eval 36,0]} 19. Nxe5 {[%eval 33,0]} Bxe5 {[%eval 31,0]} 20. a4 {[%eval 25,0]} c6 {[%eval 22,0]} 21. Qd2 {[%eval 23,0]} Qd6 {[%eval 39,0]} 22. Re1 {[%eval 39,0]} Bg6 {[%eval 4,0]} 23. Bxg6 {[%eval 4,0]} Qxg6 {[%eval 12,0]} 24. Bd4 {[%eval 12,0]} Bxd4 {[%eval 14,0]} 25. Qxd4 {[%eval 7,0]} bxa4 {[%eval 9,0]} 26. Qxa4 {[%eval 1,0]} c5 {[%eval 28,0]} 27. Qd7 {[%eval 1,0]} Rad8 {[%eval 7,0]} 28. Qc7 {[%eval 7,0]} d4 {[%eval 8,0]} 29. cxd4 {[%eval 1,0]} cxd4 {[%eval 8,0]} 30. Qc4+ {[%eval 7,0]} Kh8 {[%eval 5,0]} 31. Rxe8+ {[%eval 5,0]} Qxe8 {[%eval 4,0]} 32. Rd1 {[%eval 4,0]} Qd7 {[%eval 7,0]} 33. Qxa6 {[%eval 7,0]} d3 {[%eval 7,0]} 34. b4 {[%eval 0,0]} h6 {[%eval 5,0]} 35. Qc4 {[%eval 0,0]} d2 {[%eval 3,0]} 36. Qe2 {[%eval 7,0]} Qd3 {[%eval 3,0]} 37. Qxd3 {[%eval 6,0]} Rxd3 {[%eval 8,0]} 38. f3 {[%eval 0,0]} Kh7 {[%eval 3,0]} 39. Kf2 {[%eval 0,0]} Rb3 {[%eval 6,0]} 40. Rxd2 {[%eval 6,0]} Rxb4 {[%eval 8,0]} 41. Rd5 {[%eval 0,0]} Rb2+ {[%eval 0,0]} 42. Kg1 {[%eval 3,0]} Rb7 {[%eval 3,0]} 43. Kh2 {[%eval 4,0]} g6 {[%eval 6,0]} 44. Kh3 {[%eval 0,0]} h5 {[%eval 4,0]} 45. g4 {[%eval 4,0]} hxg4+ {[%eval 4,0]} 46. Kxg4 {[%eval 2,0]} Kh6 {[%eval 2,0]} 47. Ra5 {[%eval 4,0]} (47. Rb5) 47... Rb4+ {[%eval 8,0]} 48. f4 {[%eval 11,0]} Rb2 {[%eval 0,0]} 49. Kh3 {[%eval 0,0]} Rb4 {[%eval 0,0]} 50. g3 {[%eval 2,0]} Kg7 {[%eval 0,0]} 51. Kh4 {[%eval 2,0]} Rc4 {[%eval 3,0]} 52. Ra7+ {[%eval 3,0]} Kf6 {[%eval 3,0]} 53. Kg4 {[%eval 3,0]} Rc3 {[%eval 2,0]} 54. Ra5 {[%eval 2,0]} Rb3 {[%eval 2,0]} 55. Kh3 {[%eval 2,0]} Rc3 {[%eval 3,0]} 56. Re5 {[%eval 11,0]} Rc2 {[%eval 3,0]} 57. g4 {[%eval 3,0]} Rc3+ {[%eval 3,0]} 58. Kg2 {[%eval 7,0]} Ra3 {[%eval 0,0]} 59. Kf2 {[%eval 2,0]} Kf7 {[%eval 0,0]} 60. Re3 {[%eval 0,0]} Ra1 {[%eval 2,0]} 61. Rb3 {[%eval 0,0]} Kg7 {[%eval 0,0]} 62. Kg3 {[%eval 0,0]} Rf1 {[%eval 0,0]} 63. Rb7+ {[%eval 0,0]} Kg8 {[%eval 0,0]} 64. Ra7 {[%eval 0,0]} Kf8 {[%eval 3,0]} 65. Ra4 {[%eval 2,0]} Rh1 {[%eval 0,0]} 66. Kf3 {[%eval 2,0]} Rg1 {[%eval 0,0]} 67. g5 {[%eval 0,0]} Rf1+ {[%eval 0,0]} 68. Ke4 {[%eval 0,0]} Kg7 {[%eval 0,0]} 69. Ra7+ {[%eval 0,0]} Kg8 {[%eval 0,0]} 70. Ke5 {[%eval 0,0]} Rf2 {[%eval 0,0]} 71. Kf6 {[%eval 0,0]} Rxf4+ {[%eval 0,0]} 72. Kxg6 {[%eval 0,0]} Rf8 {[%eval 0,0]} 73. Rg7+ {[%eval 0,0]} Kh8 {[%eval 0,0]} 74. Rh7+ {[%eval 0,0]} Kg8 {[%eval 0,0]} 75. Rg7+ {[%eval 0,0]} Kh8 {[%eval 0,0]} 1/2-1/2

[Event "Norway Chess 2024"]
[Site "Stavanger, Norway"]
[Date "2024.06.06"]
[Round "17.1"]
[White "Firouzja, Alireza"]
[Black "Carlsen, Magnus"]
[Result "1/2-1/2"]
[WhiteElo "2737"]
[BlackElo "2830"]
[Annotator "Stockfish 16.1 - Chessbase"]
[PlyCount "62"]
[EventDate "2024.??.??"]

{[%evp 0,62,18,43,24,15,25,17,7,7,-3,-6,13,-38,-10,-29,-25,-22,-8,6,29,17,22,12,14,-8,16,8,42,51,40,38,44,50,40,42,62,40,40,27,38,-9,-10,-3,-12,-10,-13,-2,-9,-30,-19,-17,-13,-19,-31,-25,-13,-46,-47,-40,-22,-28,0,-15,6]} 1. e4 {Stockfish 16.1 - Chessbase} e5 2. Nf3 Nc6 3. Bc4 Bc5 4. d3 Nf6 5. Bg5 h6 6. Bh4 d6 7. c3 a6 8. Nbd2 Ba7 9. O-O Qe7 10. b4 Be6 11. a4 O-O 12. Rb1 $146 ({RR} 12. b5 Nb8 13. Bxe6 Qxe6 14. Re1 axb5 15. axb5 Nbd7 16. Qb3 Qxb3 17. Nxb3 Bb6 18. Bxf6 Nxf6 19. Nfd2 Nd7 20. Nc4 Nc5 21. Nxc5 {½-½ Makarian,R (2525)-Petrosyan,M (2620) Aeroflot Open A 2024 Moscow RUS (7.8)}) ({RR} 12. Re1 Bxc4 13. Nxc4 Qe6 14. b5 Ne7 15. Bxf6 Qxf6 16. Rb1 axb5 17. axb5 Ng6 18. g3 Rfc8 19. Kg2 Nf8 20. d4 Qe6 21. Qd3 Nd7 22. h4 Bb6 23. Ne3 Nf6 24. Nc4 Ra2 25. Nfd2 Rca8 26. Re2 R8a4 {So,W (2770)-Carlsen,M (2847) chess24.com INT 2021 0-1 (85)}) ({RR} 12. Bd5 Nd8 13. d4 g5 14. dxe5 Nxd5 15. exd5 Bxd5 16. exd6 cxd6 17. Re1 Be6 18. Bg3 f5 19. h3 f4 20. Bh2 Rc8 21. c4 Qg7 22. Ne4 Rxc4 23. b5 g4 24. hxg4 Bxg4 25. Ra3 Ne6 26. Qd5 Rc2 {Zhapova,Y (2258)-Girya,O (2400) Al Ain UAE 2025 ½-½ (37)}) ({RR} 12. Bd5 g5 13. Nxg5 Nxd5 14. Nxe6 Qxh4 15. exd5 fxe6 16. g3 Qh3 17. dxc6 bxc6 18. Qe2 Rf5 19. Kh1 Raf8 20. f3 Rg5 21. Qg2 Qf5 22. Rad1 h5 23. Nb3 h4 24. g4 Qh7 25. Qe2 h3 26. d4 exd4 {Firouzja,A (2737)-Carlsen,M (2830) Stavanger, Norway 2024 [Stockfish 16.1 - Chessbase] 0-1 (46)} {RR} 27. f4 Rg6) ({RR} 12. b5 Nb8 13. Bxe6 Qxe6 14. Re1 axb5 15. axb5 Nbd7 16. Qb3 Qxb3 17. Nxb3 Bb6 18. Bxf6 Nxf6 19. Nfd2 Nd7 20. Nc4 Nc5 21. Nxc5) 12... Bxc4 13. Nxc4 Qe6 14. Bxf6 $146 ({RR} 14. b5 axb5 15. axb5 Nb8 16. b6 Bxb6 17. Nxb6 cxb6 18. Bxf6 Qxf6 19. Rxb6 Nd7 20. Rxb7 Nc5 21. Rb6 Ra3 22. d4 Nxe4 23. dxe5 Qd8 24. Rb4 Nxc3 25. Qxd6 Qxd6 26. exd6 Ra6 27. d7 Rd6 28. Ne5 f6 {Adhiban,B (2537)-Kuybokarov,T (2562) Bajina Basta SRB 2024 ½-½ (69)}) 14... Qxf6 15. b5 axb5 16. Rxb5 Nd8 17. d4 c6 18. Rb1 exd4 19. cxd4 Ne6 20. Nb6 Bxb6 21. Rxb6 (21. Rb5) 21... Ra7 22. d5 cxd5 23. Qxd5 Rxa4 24. Qxb7 Nd4 25. Nxd4 Rxd4 26. Rb3 Re8 27. Re3 Qg6 28. Rfe1 d5 29. e5 Qe6 30. h3 Rc4 31. Rd3 Re4 1/2-1/2

[Event "Norway Chess 2024"]
[Site "Stavanger, Norway"]
[Date "2024.06.06"]
[Round "18.1"]
[White "Firouzja, Alireza"]
[Black "Carlsen, Magnus"]
[Result "0-1"]
[WhiteElo "2737"]
[BlackElo "2830"]
[Annotator "Stockfish 16.1 - Chessbase"]
[PlyCount "92"]
[EventDate "2024.??.??"]

{[%evp 0,92,18,24,10,29,17,7,7,-3,22,5,7,-20,-22,-34,-22,-9,7,11,12,12,14,15,15,-22,-12,-72,0,-58,-8,-5,5,6,6,6,6,-2,-3,-5,16,16,45,0,0,21,32,21,72,60,70,81,86,68,79,67,61,78,78,78,72,5,21,17,34,44,101,33,25,39,41,0,0,-91,55,19,84,57,57,29,29,29,31,35,17,5,16,16,0,0,0,0,0,-127,-142]} 1. e4 {Stockfish 16.1 - Chessbase} e5 2. Nf3 Nc6 3. Bc4 Bc5 4. d3 Nf6 5. Bg5 h6 6. Bh4 d6 7. c3 a6 8. Nbd2 Ba7 9. O-O Qe7 10. b4 Be6 11. a4 O-O 12. Bd5 $146 ({RR} 12. b5 Nb8 13. Bxe6 Qxe6 14. Re1 axb5 15. axb5 Nbd7 16. Qb3 Qxb3 17. Nxb3 Bb6 18. Bxf6 Nxf6 19. Nfd2 Nd7 20. Nc4 Nc5 21. Nxc5 {½-½ Makarian,R (2525)-Petrosyan,M (2620) Aeroflot Open A 2024 Moscow RUS (7.8)}) ({RR} 12. Re1 Bxc4 13. Nxc4 Qe6 14. b5 Ne7 15. Bxf6 Qxf6 16. Rb1 axb5 17. axb5 Ng6 18. g3 Rfc8 19. Kg2 Nf8 20. d4 Qe6 21. Qd3 Nd7 22. h4 Bb6 23. Ne3 Nf6 24. Nc4 Ra2 25. Nfd2 Rca8 26. Re2 R8a4 {So,W (2770)-Carlsen,M (2847) chess24.com INT 2021 0-1 (85)}) ({RR} 12. Rb1 Bxc4 13. Nxc4 Qe6 14. Bxf6 Qxf6 15. b5 axb5 16. Rxb5 Nd8 17. d4 c6 18. Rb1 exd4 19. cxd4 Ne6 20. Nb6 Bxb6 21. Rxb6 ({RR} 21. Rb5) 21... Ra7 22. d5 cxd5 23. Qxd5 Rxa4 24. Qxb7 Nd4 25. Nxd4 Rxd4 26. Rb3 Re8 {Firouzja,A (2737)-Carlsen,M (2830) Stavanger, Norway 2024 [Stockfish 16.1 - Chessbase] ½-½ (31)}) ({RR} 12. b5 Nb8 13. Bxe6 Qxe6 14. Re1 axb5 15. axb5 Nbd7 16. Qb3 Qxb3 17. Nxb3 Bb6 18. Bxf6 Nxf6 19. Nfd2 Nd7 20. Nc4 Nc5 21. Nxc5) 12... g5 $146 ({RR} 12... Nd8 13. d4 g5 14. dxe5 Nxd5 15. exd5 Bxd5 16. exd6 cxd6 17. Re1 Be6 18. Bg3 f5 19. h3 f4 20. Bh2 Rc8 21. c4 Qg7 22. Ne4 Rxc4 23. b5 g4 24. hxg4 Bxg4 25. Ra3 Ne6 26. Qd5 Rc2 27. Ned2 {Zhapova,Y (2258)-Girya,O (2400) Al Ain UAE 2025 ½-½ (37)}) 13. Nxg5 Nxd5 14. Nxe6 Qxh4 15. exd5 fxe6 16. g3 Qh3 17. dxc6 bxc6 18. Qe2 Rf5 19. Kh1 Raf8 20. f3 Rg5 21. Qg2 Qf5 22. Rad1 h5 23. Nb3 h4 24. g4 Qh7 25. Qe2 h3 26. d4 exd4 27. cxd4 $6 {Inaccuracy. f4 was best.} (27. f4 Rg6) 27... e5 28. Na5 Bxd4 29. Nxc6 Qf7 30. Rc1 Rg6 31. Qxa6 Rf6 32. Qe2 Rxf3 $2 {Mistake. Bb2 was best.} (32... Bb2) 33. Rxf3 $2 {Mistake. Ne7+ was best.} (33. Ne7+ Kh7 34. Qe4+ Kh8 35. Nf5 Rxf1+ 36. Rxf1 Qa2 37. a5 Bc3 38. Qf3 Qg2+) 33... Qxf3+ 34. Qxf3 Rxf3 35. Nxd4 exd4 36. Ra1 $4 {Blunder. Kg1 was best.} (36. Kg1 Rc3 37. Ra1 Rc4 38. a5 Rxb4 39. a6 Rb8 40. a7 Ra8 41. Kf2 c5) 36... Rb3 $4 {Blunder. d3 was best.} (36... d3 37. Kg1 c5 38. Rc1 cxb4 39. Rd1 b3 40. Rd2 Re3 41. Kf1 Re2 42. Rxd3) 37. a5 Rxb4 38. a6 Rb8 39. a7 Ra8 40. Kg1 c5 41. Kf2 Kf7 42. Ke2 c4 43. Ra5 d3+ 44. Kd2 Kg6 45. Kc3 d5 46. Ra2 $4 {Blunder. Rxd5 was best.} (46. Rxd5 Rxa7 47. Kxc4 d2 48. Rxd2 Kg5 49. Kd3 Kxg4 50. Ke2 Ra4 51. Ke3 Ra3+) 46... Kg5 0-1

[Event "Norway Chess 2024"]
[Site "Stavanger, Norway"]
[Date "2024.06.07"]
[Round "19.1"]
[White "Carlsen, Magnus"]
[Black "Caruana, Fabiano"]
[Result "1/2-1/2"]
[WhiteElo "2830"]
[BlackElo "2805"]
[Annotator "Stockfish 16.1 - Chessbase"]
[PlyCount "49"]
[EventDate "2024.??.??"]

1. e4 e5 2. Nf3 Nc6 3. Bb5 a6 4. Ba4 Nf6 5. Nc3 Bc5 6. O-O b5 7. Bb3 O-O ({RR} 7... d6 8. a4 b4 9. Nd5 Bg4 10. c3 Rb8 11. Bc4 O-O 12. h3 Bh5 13. Nxf6+ Qxf6 14. g4 Qg6 15. Nh4 Qf6 16. Nf3 Na5 17. Ba2 Bg6 18. d4 b3 19. Bb1 Ba7 20. Bg5 Qe6 21. d5 Qd7 22. Qe2 {1-0 Grigoriants,S (2544)-Nepomniachtchi,I (2771) World Rapid 2023 Samarkand UZB (3.35)}) 8. a4 $146 ({RR} 8. Nd5 d6 9. Nxf6+ Qxf6 10. Bd5 Bd7 11. d3 h6 12. h3 Rab8 13. Be3 Ne7 14. Bb3 Ng6 15. d4 exd4 16. Nxd4 Nh4 17. Kh1 Qg6 18. Rg1 Bxd4 19. Bxd4 c5 20. Bc3 c4 21. f3 cxb3 22. axb3 f5 {1-0 Szpar,M (2491)-Bochnicka,V (2398) Titled Tue 2nd Jan Late chess.com INT 2024 (1)}) 8... Rb8 9. axb5 axb5 10. d3 h6 11. h3 d6 12. Ne2 Ne7 13. Ng3 Ng6 14. c3 Bb6 15. d4 Bb7 $146 ({RR} 15... Re8 16. Re1 Bb7 17. d5 c6 18. dxc6 Bxc6 19. Nf5 d5 20. exd5 Bxd5 21. Ra6 Bxb3 22. Qxb3 Qc8 23. Nd6 Qxa6 24. Qxf7+ Kh7 25. Bxh6 Qa7 26. Ng5+ Kxh6 27. Qxa7 Bxa7 28. Ndf7+ Kh5 29. g4+ Nxg4 30. hxg4+ {Bodnaruk,A (2443)-Lagno,K (2546) Chess.com INT 2021 0-1 (42)}) 16. Bc2 c5 17. Re1 Re8 18. dxe5 dxe5 19. Qxd8 Rexd8 20. Be3 Bc8 21. Nf5 Be6 22. Ra6 Bc8 23. Raa1 Be6 24. Ra6 Bc8 25. Raa1 1/2-1/2

[Event "July 23 Late 2024"]
[Site "Chess.com"]
[Date "2024.07.23"]
[Round "1.1"]
[White "Villa Tornero, Alex"]
[Black "Carlsen, Magnus"]
[Result "0-1"]
[WhiteElo "2545"]
[BlackElo "3240"]
[PlyCount "110"]
[EventDate "2024.??.??"]
[WhiteTeam "ESP"]
[BlackTeam "NOR"]
[TimeControl "180+1"]
[WhiteClock "0:00:01"]
[BlackClock "0:01:30"]

1. e4 {[%emt 0:00:02] Wojtaszek,Radoslaw} c6 {[%emt 0:00:03]} 2. Nf3 {[%emt 0:00:01]} d5 {[%emt 0:00:01]} 3. exd5 {[%emt 0:00:01]} cxd5 {[%emt 0:00:03]} 4. Ne5 {[%emt 0:00:01]} e6 {[%emt 0:00:05]} 5. d4 {[%emt 0:00:03]} Nc6 {[%emt 0:00:04]} 6. c3 {[%emt 0:00:04]} Bd6 {[%emt 0:00:02]} ({RR} 6... Nxe5 7. dxe5 Ne7 8. Nd2 Nc6 9. Nf3 Qc7 10. Bf4 Be7) 7. Nxc6 {[%emt 0:00:06]} ({RR} 7. f4 Nge7 8. Bd3 O-O 9. O-O f6 10. Qh5 ({RR} 10. Nxc6 bxc6) 10... Nf5 11. Nxc6 ({RR} 11. g4 fxe5 12. fxe5 ({RR} 12. gxf5 e4) 12... Nxe5 13. dxe5 Bc5+ 14. Kh1 g6 15. Qh3 Nh4) 11... bxc6 12. Nd2 ({RR} 12. Bxf5 exf5) 12... g6 13. Qe2 ({RR} 13. Qh3 e5 14. fxe5 fxe5 15. dxe5 Bxe5) 13... Qc7 14. g4 Ng7 15. Nb3 ({RR} 15. Nf3 Bxf4 16. Bxf4 Qxf4 17. Ne5 Qg5 18. Nxc6 Bd7) 15... Bd7 16. Bd2 ({RR} 16. c4 e5 17. c5 Be7 18. fxe5 fxe5 19. Rxf8+ ({RR} 19. Qxe5 Qxe5 20. dxe5 Rxf1+ 21. Kxf1 Bxg4) 19... Rxf8 20. dxe5 a5 21. a4 Ne6) 16... Rae8 17. Rae1 e5 18. fxe5 fxe5 19. Rxf8+ Kxf8 20. dxe5 Bxe5 21. Qf3+ Kg8 {Sedlak,N (2550)-Wojtaszek,R (2711) Khanty-Mansiysk 2010 CBM 139 [Wojtaszek,Radoslaw] 0-1 (32)} {RR} 22. h3 Ne6 23. Rf1 Rf8 24. Qe2 Rxf1+ 25. Kxf1) ({RR} 7. f4 Nge7 8. Bd3 O-O 9. O-O f6 10. Qh5 Nf5 11. Nf3 g6 12. Qh3 e5 13. fxe5 Nfxd4 14. Qh6 Nxf3+ 15. Rxf3 Nxe5 16. Rg3 Qb6+ 17. Be3 Bc5 18. Bxc5 Qxc5+ 19. Kh1 Ng4 20. Qf4 Nf2+ 21. Kg1 Nxd3+ {Diaz Vasquez,M (2266)-Brenke,A (2349) chess.com INT 2025 0-1 (41)}) 7... bxc6 {[%emt 0:00:01]} 8. Bd3 {[%emt 0:00:02]} Ne7 {[%emt 0:00:05]} 9. O-O {[%emt 0:00:06]} O-O $146 {[%emt 0:00:01]} ({RR} 9... Qc7 10. h3 O-O 11. Nd2 f6 12. Nb3 e5 13. c4 e4 14. Be2 Qd8 15. cxd5 Nxd5 16. f3 Bf5 17. Nd2 exf3 18. Bxf3 Bg6 19. Nc4 Bb8 20. Ne3 Bf7 21. Nxd5 cxd5 22. Bg4 Qb6 23. Kh1 Re8 24. b3 {Coicev,M (2153)-Kuzubov,Y (2605) Bucharest ROU 2024 0-1 (46)}) 10. Qh5 {[%emt 0:00:02]} g6 {[%emt 0:00:04]} 11. Qh6 {[%emt 0:00:08]} c5 {[%emt 0:00:02]} 12. Nd2 {[%emt 0:00:24]} cxd4 {[%emt 0:00:06]} 13. cxd4 {[%emt 0:00:01]} f6 {[%emt 0:00:05]} 14. Nf3 {[%emt 0:00:04]} a5 {[%emt 0:00:03]} 15. Bf4 {[%emt 0:00:07]} Ba6 {[%emt 0:00:02]} 16. Bxa6 {[%emt 0:00:08]} Nf5 {[%emt 0:00:02]} 17. Qh3 {[%emt 0:00:06]} Rxa6 {[%emt 0:00:01]} 18. Bxd6 {[%emt 0:00:02]} Qxd6 {[%emt 0:00:02]} 19. g4 {[%emt 0:00:13]} Ne7 {[%emt 0:00:07]} 20. Rae1 {[%emt 0:00:05]} g5 {[%emt 0:00:04]} 21. Qg3 {[%emt 0:00:06]} Ng6 {[%emt 0:00:01]} 22. h4 {[%emt 0:00:11]} h6 {[%emt 0:00:02]} 23. Qxd6 {[%emt 0:00:26]} Rxd6 {[%emt 0:00:02]} 24. Rc1 {[%emt 0:00:03]} a4 {[%emt 0:00:07]} 25. hxg5 {[%emt 0:00:05]} hxg5 {[%emt 0:00:01]} 26. Rc7 {[%emt 0:00:05]} Rb6 {[%emt 0:00:04]} 27. Rb1 {[%emt 0:00:05]} Rfb8 {[%emt 0:00:08]} 28. Rc2 {[%emt 0:00:05]} Kf7 {[%emt 0:00:04]} 29. Nd2 {[%emt 0:00:08]} Rb4 {[%emt 0:00:02]} 30. Nf3 {[%emt 0:00:08]} Nf4 {[%emt 0:00:01]} 31. Kf1 {[%emt 0:00:02]} R8b7 {[%emt 0:00:06]} 32. Ke1 {[%emt 0:00:03]} Nd3+ {[%emt 0:00:02]} 33. Kd2 {[%emt 0:00:02]} Nxb2 {[%emt 0:00:04]} 34. Ke2 {[%emt 0:00:07]} Nc4 {[%emt 0:00:04]} 35. Rxb4 {[%emt 0:00:04]} Rxb4 {[%emt 0:00:01]} 36. Ne1 {[%emt 0:00:00]} Nd6 {[%emt 0:00:03]} 37. Ke3 {[%emt 0:00:06]} Nb5 {[%emt 0:00:05]} 38. Nd3 {[%emt 0:00:02]} Rxd4 {[%emt 0:00:03]} 39. Rb2 {[%emt 0:00:04]} Re4+ {[%emt 0:00:01]} 40. Kd2 {[%emt 0:00:01]} Nd4 {[%emt 0:00:02]} 41. Kc3 {[%emt 0:00:01]} Rxg4 {[%emt 0:00:02]} 42. Rb7+ {[%emt 0:00:02]} Kg6 {[%emt 0:00:02]} 43. f3 {[%emt 0:00:00]} Nxf3 {[%emt 0:00:01]} 44. Nf2 {[%emt 0:00:01]} Rc4+ {[%emt 0:00:01]} 45. Kd3 {[%emt 0:00:01]} Ne5+ {[%emt 0:00:01]} 46. Ke2 {[%emt 0:00:01]} g4 {[%emt 0:00:00]} 47. a3 {[%emt 0:00:02]} g3 {[%emt 0:00:01]} 48. Nh1 {[%emt 0:00:01]} g2 {[%emt 0:00:02]} 49. Rb8 {[%emt 0:00:01]} Rc2+ {[%emt 0:00:03]} 50. Kd1 {[%emt 0:00:01]} gxh1=Q+ {[%emt 0:00:02]} 51. Kxc2 {[%emt 0:00:01]} Qe4+ {[%emt 0:00:00]} 52. Kb2 {[%emt 0:00:01]} Nc4+ {[%emt 0:00:02]} 53. Ka1 {[%emt 0:00:01]} Qe5+ {[%emt 0:00:02]} 54. Ka2 {[%emt 0:00:01]} Qxb8 {[%emt 0:00:01]} 55. Ka1 {[%emt 0:00:01]} Qb2# {[%emt 0:00:00]} 0-1

[Event "July 23 Late 2024"]
[Site "Chess.com"]
[Date "2024.07.23"]
[Round "2.1"]
[White "Carlsen, Magnus"]
[Black "Baziuk, Vladyslav"]
[Result "1-0"]
[WhiteElo "3240"]
[BlackElo "2652"]
[PlyCount "111"]
[EventDate "2024.??.??"]
[WhiteTeam "NOR"]
[BlackTeam "UKR"]
[TimeControl "180+1"]
[WhiteClock "0:00:42"]
[BlackClock "0:00:15"]

1. e4 {[%emt 0:00:02]} c6 {[%emt 0:00:03]} 2. c4 {[%emt 0:00:06]} d5 {[%emt 0:00:00]} 3. cxd5 {[%emt 0:00:01]} cxd5 {[%emt 0:00:00]} 4. e5 {[%emt 0:00:01]} Nc6 {[%emt 0:00:04]} 5. d4 {[%emt 0:00:01]} Bf5 {[%emt 0:00:03]} 6. Bd3 {[%emt 0:00:02]} Bxd3 {[%emt 0:00:02]} 7. Qxd3 {[%emt 0:00:00]} e6 {[%emt 0:00:01]} 8. Nf3 {[%emt 0:00:02]} Nge7 {[%emt 0:00:03]} ({RR} 8... Qb6 9. O-O Rc8 10. a3 Na5 11. Nbd2 Ne7 12. b4 Nc4 13. Ra2 Qa6 14. Rc2 Nxd2 15. Qxd2 h6 16. Bb2 Nc6 17. Rfc1 Be7 18. Qe3 Qa4 19. Nd2 O-O 20. Nb1 a5 21. bxa5 Qxa5 22. Qb3 Qa6 23. Bc3 {Kjoita,T (2062)-Haarr,J (2240) Norway NOR 2025 ½-½ (80)}) 9. O-O {[%emt 0:00:03]} Nf5 {[%emt 0:00:01]} 10. Nc3 {[%emt 0:00:01]} Be7 {[%emt 0:00:02]} 11. g3 $146 {[%emt 0:00:02]} ({RR} 11. a3 O-O 12. Bd2 Nh4 13. Nxh4 Bxh4 14. Na4 Be7 15. Rac1 Qd7 16. Nc5 Bxc5 17. Rxc5 Rfc8 18. Rfc1 Ne7 19. b3 Rxc5 20. Rxc5 Rc8 21. Rxc8+ Qxc8 22. g4 Nc6 23. Kg2 a6 24. a4 Qf8 25. Bc3 Qe7 {Agdestein,S (2583)-Wang,Y (2704) Amsterdam 2008 ½-½ (62)}) 11... O-O {[%emt 0:00:07]} 12. h4 {[%emt 0:00:02]} a6 {[%emt 0:00:05]} 13. Kg2 {[%emt 0:00:06]} Rc8 {[%emt 0:00:04]} 14. h5 {[%emt 0:00:07]} f6 {[%emt 0:00:31]} 15. exf6 {[%emt 0:00:06]} Bxf6 {[%emt 0:00:00]} 16. Ne2 {[%emt 0:00:05]} Qb6 {[%emt 0:00:07]} 17. Rd1 {[%emt 0:00:07]} Nb4 {[%emt 0:00:02]} 18. Qb3 {[%emt 0:00:02]} Qb5 {[%emt 0:00:19]} 19. Nf4 {[%emt 0:00:10]} Rc6 {[%emt 0:00:03]} 20. Rb1 {[%emt 0:00:39]} Nc2 {[%emt 0:00:12]} 21. Qxb5 {[%emt 0:00:03]} axb5 {[%emt 0:00:00]} 22. Ne2 {[%emt 0:00:03]} Rfc8 {[%emt 0:00:08]} 23. Bf4 {[%emt 0:00:03]} h6 {[%emt 0:00:06]} 24. Rd2 {[%emt 0:00:03]} Nb4 {[%emt 0:00:06]} 25. a3 {[%emt 0:00:02]} Na6 {[%emt 0:00:02]} 26. Ne5 {[%emt 0:00:09]} Rc2 {[%emt 0:00:03]} 27. Rbd1 {[%emt 0:00:02]} b4 {[%emt 0:00:02]} 28. g4 {[%emt 0:00:02]} Ne7 {[%emt 0:00:04]} 29. Nd7 {[%emt 0:00:07]} Kf7 {[%emt 0:00:08]} 30. Nxf6 {[%emt 0:00:02]} Kxf6 {[%emt 0:00:01]} 31. Be5+ {[%emt 0:00:02]} Kf7 {[%emt 0:00:01]} 32. Nf4 {[%emt 0:00:01]} bxa3 {[%emt 0:00:04]} 33. bxa3 {[%emt 0:00:01]} Rxd2 {[%emt 0:00:02]} 34. Rxd2 {[%emt 0:00:00]} Nc6 {[%emt 0:00:01]} 35. Ng6 {[%emt 0:00:05]} Nxe5 {[%emt 0:00:03]} 36. Nxe5+ {[%emt 0:00:02]} Ke7 {[%emt 0:00:03]} 37. Rb2 {[%emt 0:00:01]} Rc7 {[%emt 0:00:01]} 38. a4 {[%emt 0:00:06]} Nb8 {[%emt 0:00:01]} 39. a5 {[%emt 0:00:02]} Nd7 {[%emt 0:00:01]} 40. Kf3 {[%emt 0:00:13]} Nxe5+ {[%emt 0:00:16]} 41. dxe5 {[%emt 0:00:00]} Kd7 {[%emt 0:00:00]} 42. Rb6 {[%emt 0:00:02]} Ke7 {[%emt 0:00:16]} 43. Ke3 {[%emt 0:00:02]} Kd7 {[%emt 0:00:01]} 44. f4 {[%emt 0:00:01]} Rc3+ {[%emt 0:00:06]} 45. Kd2 {[%emt 0:00:02]} Rc4 {[%emt 0:00:03]} 46. Rxb7+ {[%emt 0:00:01]} Kc6 {[%emt 0:00:00]} 47. Rxg7 {[%emt 0:00:02]} Rxf4 {[%emt 0:00:01]} 48. a6 {[%emt 0:00:02]} Kc5 {[%emt 0:00:05]} 49. a7 {[%emt 0:00:01]} Ra4 {[%emt 0:00:00]} 50. g5 {[%emt 0:00:00]} hxg5 {[%emt 0:00:04]} 51. h6 {[%emt 0:00:01]} Kd4 {[%emt 0:00:00]} 52. h7 {[%emt 0:00:01]} Ra2+ {[%emt 0:00:00]} 53. Kc1 {[%emt 0:00:02]} Kc3 {[%emt 0:00:02]} 54. Rc7+ {[%emt 0:00:02]} Kd3 {[%emt 0:00:00]} 55. h8=Q {[%emt 0:00:01]} Ra1+ {[%emt 0:00:01]} 56. Kb2 {[%emt 0:00:01]} 1-0